Practical woody plant propagation for nursery growers

Saved in:
Bibliographic Details
Main Author: MacDonald, Bruce (autor)
Format: Book
Language:English
Published: Portland Timber 1986
Subjects:
Tags: Add Tag
No Tags, Be the first to tag this record!

MARC

LEADER 00000nam a2200000 a 4500
001 UCN5947
003 CL-VaPUC
008 010913e19860000us |||||||||||||||||eng|d
082 0 4 |a 635.976  |b MAC  |2 21 
100 |a MacDonald, Bruce  |e autor  |9 461674 
245 1 0 |a Practical woody plant propagation for nursery growers 
300 |a v 
942 |c BK 
945 |d 20010913 00:00:00  |a vberengu 
260 |a Portland  |b Timber  |c 1986 
650 0 |a Propagación de plantas  |9 339631 
650 0 |a Propagación vegetativa  |9 259683 
650 0 |a Viveros  |9 402857 
650 0 |a Producción vegetal  |9 460687 
583 |a last modification  |c 20171218 06:19:09  |k Rodrigo Vera 
999 |c 297049  |d 297047 
952 |0 0  |1 0  |4 0  |6 635_976000000000000_MAC_1986  |7 0  |8 A  |9 351433  |a BIBAGR  |b BIBAGR  |d 2019-11-21  |h v.1  |i 3751880  |o 635.976 MAC 1986  |p 3751880  |r 2025-01-20  |w 2019-11-21  |y BK  |k AGR